Learn about taste and smell / (Record no. 113038)
[ view plain ]
| 000 -LEADER | |
|---|---|
| fixed length control field | 00692nam a2200193 a 4500 |
| 001 - CONTROL NUMBER | |
| control field | 1192 |
| 005 - DATE AND TIME OF LATEST TRANSACTION | |
| control field | 20140414132000.0 |
| 008 - FIXED-LENGTH DATA ELEMENTS--GENERAL INFORMATION | |
| fixed length control field | 041109s19uu xx 00 eng d |
| 050 ## - LIBRARY OF CONGRESS CALL NUMBER | |
| Classification number | TR 813.08 |
| Item number | L41 1991 |
| 100 ## - MAIN ENTRY--PERSONAL NAME | |
| Personal name | Law, Felicia |
| 245 ## - TITLE STATEMENT | |
| Title | Learn about taste and smell / |
| Statement of responsibility, etc | story by Felicia Law ; illustrations by Steve Smallman, Shirley Tourret. |
| 260 ## - PUBLICATION, DISTRIBUTION, ETC. (IMPRINT) | |
| Place of publication, distribution, etc | U.K : |
| Name of publisher, distributor, etc | World Book, |
| Date of publication, distribution, etc | 1991. |
| 300 ## - PHYSICAL DESCRIPTION | |
| Extent | p. : ill. ; cm. |
| 440 ## - SERIES STATEMENT/ADDED ENTRY--TITLE | |
| Title | Early World of Learning-Poldy |
| 520 ## - SUMMARY, ETC. | |
| Summary, etc | Poldy and his friends fell hungray they land in the forest where Wagtail, Crow and Seagull find plenty of tasty food to eat. |
| 650 ## - SUBJECT ADDED ENTRY--TOPICAL TERM | |
| Topical term or geographic name as entry element | Senses |
| General subdivision | Fiction. |
| 650 ## - SUBJECT ADDED ENTRY--TOPICAL TERM | |
| Topical term or geographic name as entry element | Children stories. |
| Withdrawn status | Lost status | Damaged status | Use restrictions | Home library | Current library | Shelving location | Date acquired | Source of acquisition | Total Checkouts | Full call number | Barcode | Date last seen | Price effective from | Koha item type |
|---|---|---|---|---|---|---|---|---|---|---|---|---|---|---|
| Munich Library | Munich Library | Teachers Reference Section | 11/10/2004 | TR 813.08 L41 1991 | M4506 | 04/14/2014 | 04/14/2014 | Books |